| 000 | 00505nam a2200169Ia 4500 | ||
|---|---|---|---|
| 999 |
_c35880 _d35880 |
||
| 003 | OSt | ||
| 005 | 20201211122554.0 | ||
| 008 | 190216s9999||||xx |||||||||||||| ||und|| | ||
| 040 | _coclc | ||
| 082 |
_a378.199 _bSHA/N |
||
| 100 |
_aShah, S Y _97334 |
||
| 245 | 0 |
_aNew Technologies In Higher Education / _cS Y Shah |
|
| 260 |
_bAssociation Of Indian Universities, _c1986. _aNew Delhi: |
||
| 300 | _a119p | ||
| 650 | _aEducation | ||
| 942 |
_cREF _2ddc _h378.199 _iSHA/N _k378.199 _mSHA/N |
||